Los tónicos de la voluntad. Reglas y consejos sobre investigación científica. Discurso leído con ocasión de la recepción del autor en la Real Academia de Ciencias Exactas, Físicas y Naturales.
保存先:
| 第一著者: | |
|---|---|
| フォーマット: | 図書 |
| 言語: | 英語 |
| 出版事項: |
Madrid, España:
Espasa-Calpe,
1956.
|
| 版: | Séptima edición. |
| シリーズ: | Colección Austral,
227. |
| 主題: | |
| タグ: |
タグ追加
タグなし, このレコードへの初めてのタグを付けませんか!
|
MARC
| LEADER | 00000nam a22000007a 4500 | ||
|---|---|---|---|
| 003 | CL-VaPUC | ||
| 005 | 20220822114444.0 | ||
| 008 | 220328t1956 ||||| |||| 00| 0 eng d | ||
| 999 | |c 435159 |d 435157 | ||
| 040 | |c Pontificia Universidad Católica de Valparaíso | ||
| 082 | |a 001.42 RAM 1956 |2 22 | ||
| 100 | |a Ramón y Cajal, Santiago |9 334802 |e autor | ||
| 245 | |a Los tónicos de la voluntad. |b Reglas y consejos sobre investigación científica. Discurso leído con ocasión de la recepción del autor en la Real Academia de Ciencias Exactas, Físicas y Naturales. | ||
| 250 | |a Séptima edición. | ||
| 260 | |a Madrid, España: |b Espasa-Calpe, |c 1956. | ||
| 300 | |a 201 páginas. | ||
| 490 | |a Colección Austral, |v 227. | ||
| 500 | |a c.1 Donación Familia Prof. Alejandro Guzmán Brito. | ||
| 505 | |a Capítulos: - I. Consideraciones sobre los métodos generales. - II. Preocupaciones enervadoras del principiante. - III. Cualidades de orden moral que debe poseer el investigador. - IV. Lo que debe saber el aficionado a la investigación biológica. - V. Enfermedades de la voluntad. - VI. Condiciones sociales favorables a la obra científica. - VII. Marcha de la investigación científica. - VII. Redacción del trabajo científico. - IX. El investigador como maestro. | ||
| 583 | |c 20220328 |k Yessy Stephany Diaz Vidal | ||
| 650 | 0 | |a Métodos de investigación |9 262618 | |
| 650 | 0 | |a Método científico |9 337193 | |
| 650 | 0 | |a Investigación científica |9 259857 | |
| 942 | |2 ddc |c BK |n 0 | ||
| 952 | |0 0 |1 0 |2 ddc |4 0 |6 001_420000000000000_RAM_1956 |7 0 |8 C_AGB |9 582199 |a BIBDER |b BIBDER |d 2022-03-28 |e Donación |i 5650412 |o 001.42 RAM 1956 |p 5650412 |r 2023-01-25 |t 1 |w 2022-03-28 |y BK_US |k AGB | ||